| 000 | 01046nam a22002177a 4500 | ||
|---|---|---|---|
| 999 |
_c3494 _d3494 |
||
| 003 | AR-CdUCM | ||
| 008 | 190306b ||||| |||| 00| 0 spa d | ||
| 020 | _a9972-691-17-9 | ||
| 040 |
_aMUNICIPALIDAD PROVINCIAL DEL CUSCO _cBIBLIOTECA MUNICIPAL DEL CUSCO |
||
| 082 |
_a401.41089985 / _bT |
||
| 245 |
_aTradición oral andina y amazónica : _bmétodos de análisis e interpretación de textos / |
||
| 260 |
_aCusco : _bCBC, _c1999. |
||
| 300 |
_a385 páginas ; _c24 cm. |
||
| 505 | _aContenido: El mundo del agua en la tradición oral Ese Eja -- Hacia una mitografía andina -- Función y forma poética en "el condor y la pastora" -- Comentario de un texto ritual andino, reflexiones metodológicas y propuesta de tipología -- Jicchaxa sikuyay pikt'itasma, kayñarak pikt'itasma... un aporte al analisis textual aymara ... | ||
| 650 |
_aTradición oral _92031 |
||
| 650 |
_aLiteratura popular _9442 |
||
| 650 |
_aOralidad peruana _911485 |
||
| 700 |
_aGodenzzi Alegre, Juan Carlos (compilador) _911486 |
||
| 942 |
_2ddc _cLIBROS |
||
| 945 | _aafb | ||